House price rise sustained into May (Record no. 117411)

MARC details
000 -LEADER
fixed length control field 01161cam a2200229 4500
001 - CONTROL NUMBER
control field WB4020-07
008 - FIXED-LENGTH DATA ELEMENTS--GENERAL INFORMATION
fixed length control field 040527n2004 000 0 eng u
035 ## - SYSTEM CONTROL NUMBER
System control number (Sirsi) u126304
245 ## - TITLE STATEMENT
Title House price rise sustained into May
260 ## - PUBLICATION, DISTRIBUTION, ETC.
Date of publication, distribution, etc. 2004
490 ## - SERIES STATEMENT
Series statement Nationwide Press Release
Volume/sequential designation 27 May 2004 (4)
520 ## - SUMMARY, ETC.
Summary, etc. Rapidly rising house prices have continued into May with the average house price increasing by 1.9% to £149 020 according to the latest "Nationwide monthly review". Prices are 19.5% or £24 000 higher than in May 2003 with prices rising by more than 9% in the first five months of 2004 compared to 5.8% over the same period in 2003. The Nationwide house price forecast for the 12 months to December 2004 remains at 15%, reflecting an expectation that the market will slow over the second half of 2004. http://www.nationwide.co.uk/hpi/historical/MPR0405 .pdf
590 ## - LOCAL NOTE (RLIN)
Local note WB
590 ## - LOCAL NOTE (RLIN)
Local note WB
650 ## - SUBJECT ADDED ENTRY--TOPICAL TERM
Topical term or geographic name entry element NATIONWIDE BUILDING SOCIETY
650 ## - SUBJECT ADDED ENTRY--TOPICAL TERM
Topical term or geographic name entry element HOUSE PRICE SURVEYS
650 ## - SUBJECT ADDED ENTRY--TOPICAL TERM
Topical term or geographic name entry element HOUSING MARKET FORECASTS
650 ## - SUBJECT ADDED ENTRY--TOPICAL TERM
Topical term or geographic name entry element HOUSING MARKET SURVEYS
650 ## - SUBJECT ADDED ENTRY--TOPICAL TERM
Topical term or geographic name entry element HOUSE PRICE INFLATION
690 ## - LOCAL SUBJECT ADDED ENTRY--TOPICAL TERM (OCLC, RLIN)
Topical term or geographic name as entry element HOUSING-HOUSE PRICES
942 ## - ADDED ENTRY ELEMENTS (KOHA)
Suppress in OPAC 0
Holdings
Withdrawn status Lost status Source of classification or shelving scheme Damaged status Not for loan Home library Current library Shelving location Date acquired Total Checkouts Full call number Barcode Date last seen Copy number Price effective from Koha item type
    Dewey Decimal Classification     London London News article 27/05/2004   WB4020-07 126304-1001 06/08/2019 1 06/08/2019 News article